Score 0/17 Timer 02:00
0 Plays Today
Scrambled States Unscrambled States % Correct
CEKKNTUYKentucky
99.1%
HIOOOhio
98.1%
IIILLNOSIllinois
95.3%
AAHIIWHawaii
95%
AAAKLSAlaska
94.9%
AAINORZArizona
94.7%
ADHIOIdaho
92%
AAAKNRSSArkansas
91.6%
AADENVNevada
90.3%
Scrambled States Unscrambled States % Correct
EGNOOROregon
90.3%
AAAABLMAlabama
90.2%
AEIMNNOSTMinnesota
85.9%
AAIILNOSULouisiana
81.7%
AADEELRWDelaware
77.4%
AABEKNRSNebraska
73.5%
Bonus State from 1st LettersOklahoma
72%
Bonus State from 1st LettersIndiana
68.4%
Remove Ads.
Support Sporcle.
Get the best of Sporcle when you Go Orange. This ad-free experience offers more features, more stats, and more fun while also helping to support Sporcle. Thank you for becoming a member.

You're not logged in!

Compare scores with friends on all Sporcle quizzes.
OR
Log In

Show Comments

Extras

Top Quizzes Today


Score Distribution

Your Account Isn't Verified!

In order to create a playlist on Sporcle, you need to verify the email address you used during registration. Go to your Sporcle Settings to finish the process.

Report this User

Report this user for behavior that violates our Community Guidelines.

Details: